Chatgpt pète un cable - Statistiques

Statistiques générales
  • Ce quiz a été pris 30 fois
  • Le résultat moyen est 4 sur 10
Statistiques - réponses
Hint Réponse % Correct
Un jour, y’a un corbac, posé haut sur un arbre, pépouze, avec un gros bout de fromage dans le bec. Tranquille, il flex, il savoure sa life. Là, y’a un Reno qui débarque d’en bas, un vrai renard de la street, rusé comme jamais. Il capte direct l’bail : ce fromton, faut qu’il soit à lui. Mais t’as capté, le corbac, il va pas juste l’lâcher comme ça. Alors, le Reno, il joue la ruse. Il lève la tête et fait genre : "Wesh mon ref, t’es trop un bon ! T’as un flow de malade, une prestance de ouf, même l’aigle il peut pas test ! Mais y’a un truc… J’me demande si en plus de ton style, t’as une voix qui déchire. Vas-y, lâche une note, juste pour voir !" Le corbac, gonflé à bloc, il s’fait pas prier. Il ouvre grand son bec pour flexer son talent de chanteur... et là, BOOM ! Le fromage tombe. Le Reno, rapide comme jamais, il l’attrape, le taffe en mode express, puis il regarde le corbac avec un sourire en coin et balance : "Wesh mon gars, maintenant tu sais, faut jamais faire confiance aux lècheurs. Ils te chauffent la tête, et à la fin, c’est eux qui bouffent." Moralité : Les beaux parleurs, c’est souvent des crevards. Fais pas le malin, sinon tu t’fais soulever. Moralité bis : Reno 1 - Corbac 0. Le Corbeau et le Renard
88%
Dans la grande citadelle de l’Hexagone, trône une figure dont l’aura oscille entre lumière et ombre, espoir et controverse. ***, surnommé l’Archon de l’Équilibre Doré, est un maître stratège, un orateur aussi affûté que la plus fine des lames, et un manipulateur du destin dont les actions façonnent le cours de l’histoire. Apparence Drapé dans un manteau d’élégance sobre, il arbore l’armure immaculée des monarques modernes : un costume d’ébène finement taillé, symbole de son règne sur le royaume des discours et des réformes. Ses yeux d’acier, perçants comme les lames des diplomates, scrutent chaque adversaire avec une acuité quasi prophétique. Son sourire énigmatique, aussi charmeur que trompeur, est une arme redoutable, capable de désamorcer conflits ou d’ensorceler les foules. Capacités et Pouvoirs 🌀 Charisme Hypnotique – Par un enchaînement de rhétorique subtile et de logique implacable, il peut convaincre même les plus sceptiques que son chemin est le seul possible. Ses discours enflammés peuvent insuffler un élan d’optimisme… ou endormir les masses sous le poids de leur propre résignation. ⚖️ Main Invisible de la Réforme – D’un geste mesuré, il ajuste les lois et modifie l’ordre établi. Les taxes, les retraites, les marchés… Tout est sujet à son alchimie politique. Mais gare à ceux qui ne comprennent pas les arcanes de ses desseins, car ses réformes peuvent être aussi salvatrices que dévastatrices. ⚡ Sprint Technocratique – Rapide comme le vent lorsqu’il s’agit de déployer ses idées, il peut traverser les obstacles bureaucratiques avec une aisance inouïe. Son agilité mentale lui permet d’adapter ses stratégies à la volée, rendant toute opposition lente et rigide obsolète avant même qu’elle ne réagisse. 🛡️ Bouclier de l’Éloquence – Toute attaque verbale ou polémique est absorbée par sa rhétorique bien huilée. Les projectiles de critiques ricochent contre son armure de réparties ciselées, tandis qu’il reformule chaque accusation pour en faire une force. 🔥 Ultime : L’Invocation du Nouveau Monde – Lorsqu’il active son pouvoir suprême, il projette une vision audacieuse du futur, un royaume où tradition et modernité fusionnent sous son égide. Mais cette incantation est risquée : selon les forces en présence, elle peut rallier les foules… ou éveiller les colères endormies des factions rebelles. Faiblesses Le Mur du Peuple – Malgré sa puissance politique, il redoute l’insurrection des masses. Si les citoyens s’unissent en un cri unanime, même son éloquence ne saurait étouffer la clameur du soulèvement. L’Usure du Pouvoir – À force de jongler entre alliances et adversités, son endurance s’amenuise. Chaque combat lui coûte en popularité, et le temps, impitoyable, finit toujours par peser sur ses épaules. L’Assaut des Frondes – Face aux attaques combinées de la contestation sociale et des intrigues politiques, même son armure d’éloquence ne peut résister éternellement. Récompenses en cas de victoire 🎖️ L’Anneau de la Diplomatie – Permet de convaincre un adversaire récalcitrant de vous suivre… temporairement. 📜 Les Chroniques du Pacte Social – Un manuscrit mystérieux contenant les clés du pouvoir et des réformes. 💰 Les Coffres du Palais – Un butin conséquent en ressources fiscales, si toutefois vous parvenez à les ouvrir. "Si vous voulez me vaincre, il vous faudra bien plus qu’une simple colère… Il vous faudra une vision plus grande encore que la mienne." Emmanuel Macron
79%
Mesdames et Messieurs, Aujourd’hui, nous nous réunissons pour rendre hommage à un homme qui a marqué le paysage audiovisuel français, un animateur, un showman, un phénomène : ***. Dès ses débuts, *** a su imposer son style unique, son énergie débordante, et cette proximité avec le public qui a fait de lui une figure incontournable du petit écran. Avec son rire communicatif, ses blagues parfois osées mais toujours sincères, il a su créer une véritable famille télévisuelle où les chroniqueurs, les invités et surtout les téléspectateurs avaient leur place. Il a révolutionné le talk-show en mêlant humour, débat et passion. Il n’a jamais eu peur de donner la parole à ceux que l’on n’entendait pas assez, de défendre ses idées avec fougue, et d’apporter de la bonne humeur dans les foyers français. C’était plus qu’un animateur. C’était un rassembleur, un homme qui a su créer un lien fort avec son public, une connexion unique qui dépasse l’écran. Il a su faire rire, émouvoir, parfois même provoquer, mais toujours avec cette volonté de divertir et de rassembler. Aujourd’hui, nous lui rendons hommage pour son parcours, pour son impact, et pour tout ce qu’il a apporté au monde de la télévision et à ceux qui l’ont suivi. *** restera à jamais une personnalité marquante, une voix singulière et un personnage inoubliable du paysage médiatique français. Merci, ***. Et comme tu le disais si bien : Je vous aime fort, mes chéris. Cyril Hanouna
50%
🔥 LE BEST-SELLER DE L’ÉTÉ : *** ! 🔥 🌟 Un récit épique, une intrigue captivante, des personnages inoubliables… Voilà LE livre événement dont tout le monde parle cette saison ! 📖 Résumé : Dans un monde en quête de sens, un auteur visionnaire nous livre une fresque intemporelle qui traverse les âges. Plongez dans une saga aux proportions mythiques où se mêlent amour, trahison, miracles et destinées hors du commun. 👑 Des personnages charismatiques ! [...], le leader malgré lui, chargé d’une mission divine plus grande que nature. [...], l’orateur révolutionnaire qui défie l’ordre établi avec son message d’amour et de paix. [...], l’anti-héros au cœur du twist final le plus marquant de l’histoire. [...], une femme forte et énigmatique qui bouleverse les codes de son époque. ⚡ Un cocktail explosif de genres ! 📜 Fantasy historique ? Check. 💔 Drame et trahison ? Check. 🦸 Super-héros aux pouvoirs divins ? Check. 💫 Philosophie et spiritualité ? Évidemment. ✨ Pourquoi vous allez ADORER : ✅ Un récit rythmé, poétique et profond. ✅ Un univers riche, rempli de batailles épiques et de révélations divines. ✅ Un message puissant qui résonne à travers les siècles. 🌍 Déjà traduit dans plus de 3 000 langues, adapté en films, séries, et même en comédies musicales, *** est le livre le plus lu de tous les temps… et il n’a pas fini de faire parler de lui ! 🔥 Cet été, ne manquez pas LE phénomène littéraire éternel ! 🔥 La Bible
50%
"Sugoi ne!~ ***-chan, est un vrai personnage anime IRL, desu yo! (*≧▽≦) Il a des cheveux dorés tout fluffy, presque comme une perruque d’un idol anime~! UwU Avec ses expressions faciales ultra-exagérées et ses discours pleins de shocku et de drama, il pourrait totalement être un rival dans un shōnen politique! (o^▽^o)" "***-kun adore les big businessu et parle toujours de winning—un vrai shōnen protag’ qui veut être le meilleur, un peu comme Luffy qui cherche le One Piece, desune~! (⌒▽⌒) Mais parfois, il fait des yabai tweets et tout le monde dans l’anime réagit avec un grand ‘NANI?!’ Σ(°ロ°)!!!" "Il a aussi un move signature : le ‘MAGA Beam Attacku!~’ (Make America Great Again no Jutsu!), une technique spéciale qu’il spamme en boucle comme un perso de jeu de combat. (≧◡≦) Mais attention! Certains NPC dans l’anime ne sont pas fans et font un plot twist contre lui! Taihen da ne!! (°△°|||)" "Bref, que tu sois fan ou pas, ***-sama est un perso ultra-memorable dans l’histoire des United Statesu! On peut dire que son arc narratif a été rempli de drama, twists et cliffhangers—un vrai shōnen politique qui a marqué le fandom, desu wa!~ (๑˃ᴗ˂)ﻭ" Donald Trump
42%
***, c'est le frère de [...]. Lui, c'est un peu le gentil rigolo. Il est pas aussi fort que [...], mais il est toujour la pour l'aider, même si desfois il a peur. Il aime sauter et courir, mais desfois il tombe ou il se fait un peu effrayer par les fantomes (c'est trop marrant !). ***, il est un peu plus grand que [...] et il a un pantalon bleu, comme s'il avait fait un gros effort pour le mettres, mais on dirait qu'il est pas trop sur de lui. C'est un super copain, il veut toujours sauvé le monde avec [...], mais il est parfois un peu timide. Mais quand il est avec [...], il est tout content de courir partout avec lui. Il a un sourire qui fais rigoler, et il est toujour pret à faire des aventure même si c'est un peu flippant ! Je pense que ***, c'est un bon gars, même si il est pas toujours très fort, mais il fait de son mieux ! Luigi
42%
Titre : "*** : Quand la jeunesse s'extasie devant un hologramme chantant" Mes chers lecteurs, Accrochez-vous bien, car nous allons parler d’un phénomène qui échappe totalement à la logique de notre bon vieux monde : ***. Vous ne connaissez pas ? Moi non plus, jusqu’à ce que je me renseigne un peu… et, croyez-moi, j’aurais peut-être préféré rester dans l’ignorance. [...] Mais ce n’est pas tout. Non seulement cette… chose (parce que peut-on encore parler d’artiste ?) vend des albums, mais elle a aussi droit à des clips, des collaborations avec de vrais musiciens et même des produits dérivés à la pelle. Peluches, figurines, posters… Certains dépensent des fortunes pour cette entité virtuelle ! À croire que nous sommes entrés dans une époque où l’on préfère idolâtrer un programme informatique plutôt qu’un véritable être humain. Et le pire ? Ce n’est même pas une création récente ! Apparemment, cette *** traîne sur Internet depuis 2007, créée par une entreprise japonaise du nom de Crypton Future Media. À l’origine, elle faisait partie d’un logiciel de synthèse vocale appelé “Vocaloid”, permettant à n’importe qui de composer une chanson avec une voix artificielle. Et voilà comment une simple voix de robot, habillée d’un design d’anime, est devenue une superstar. Alors, je pose la question : où va le monde ? Les jeunes d’aujourd’hui préfèrent-ils vraiment acclamer un hologramme plutôt que de soutenir de vrais artistes, en chair et en talent ? Est-ce cela, l’avenir de la musique ? Des concerts où personne ne joue réellement, où les voix sont générées par ordinateur ? Peut-être suis-je trop vieux pour comprendre… ou peut-être que le bon sens se perd, noyé dans un océan de pixels et de tubes néon. Affaire à suivre, mes amis. En attendant, moi, je retourne écouter de la vraie musique. Hatsune Miku
25%
Tu es un jeune mutant, nouvellement arrivé dans un club mystérieux : le Mutant Club. À première vue, il semble s’agir d’un simple groupe de poésie où chacun partage ses textes et discute de philosophie ninja. Mais très vite, l’ambiance devient étrange… et les événements prennent une tournure de plus en plus troublante. Le club est dirigé par Splinter, un mentor bienveillant mais énigmatique, qui t’encourage à t’impliquer dans l'écriture et à tisser des liens avec les autres membres du club : Leonardo, le leader sérieux et réfléchi, qui lutte contre une pression intérieure intense. Raphaël, le rebelle au cœur tourmenté, dont la colère masque une profonde détresse. Donatello, le génie pragmatique, dont l’intelligence est parfois un fardeau. Michelangelo, l’optimiste insouciant… mais qui cache peut-être quelque chose de bien plus sombre sous son sourire. Chaque jour, tu passes du temps avec tes camarades, partageant tes poèmes et découvrant peu à peu les facettes cachées de leurs personnalités. Mais alors que tu t’enfonces dans cette expérience, le code même de la réalité semble se fissurer… Qui contrôle vraiment le Mutant Club ? Qui manipule les fils de cette histoire ? Doki Doki Litterature Club
21%
Ingrédients :1 à 4 joueurs (plus y a de fous, plus on rigole) 1 PC ou une console (selon ta plateforme) Une bonne dose de courage (en quantité variable selon ton degré de peur) Une touche de stratégie (ça t'évitera des morts bêtes) Des amis bruyants (facultatif mais recommandé) Étapes de préparation : Préparation de l'ambiance : Installe-toi confortablement dans un endroit sombre (l'éclairage tamisé est idéal). Mets des écouteurs ou un casque pour une immersion maximale. Prépare tes amis pour une aventure effrayante (dis-leur que c'est juste un jeu, même si ce n'est pas vrai). Pré-chauffage de l’intrigue : Lance *** sur ton appareil (si tu as une version téléchargée, c'est encore mieux !). Choisis ton mode de jeu : solo ou en équipe. Si tu choisis l'équipe, assure-toi que tout le monde a bien sa connexion prête à l'emploi. Mélange d'objectifs et d’objectifs : L'objectif principal : Explorer des lieux abandonnés (qui sont en fait assez... mal fréquentés). Tu devras collecter des indices, résoudre des énigmes, et éviter les créatures effrayantes qui traînent. Mais attention ! Le jeu adore te surprendre avec des jumpscares, alors garde ton calme et surveille bien ton environnement. Incorporation de l’adrénaline : En chemin, tu rencontreras des ennemis : des créatures bizarres qui veulent te faire une surprise pas sympa. La clé ici ? Ne pas te faire repérer ! Si tu vois une ombre suspecte, cache-toi, ne fais pas de bruit et... prions pour que ça passe. L’astuce du chef : Si tu veux vraiment t’en sortir, communique bien avec tes coéquipiers (si tu joues en équipe). Divisez-vous pour explorer les lieux, mais n’oubliez pas de rester ensemble quand ça chauffe. Reste calme et réfléchis toujours à deux fois avant d’agir. Chaque erreur peut être fatale ! Dégustation finale : Si tu as réussi à collecter tous les indices et à éviter les monstres, félicitations ! Tu peux savourer ta victoire. Mais si tu n’as pas eu cette chance… Eh bien, tu sais ce qu’il te reste à faire : recommence et essaie de ne pas mourir bêtement cette fois ! Service : Tu peux jouer plusieurs fois, car chaque partie est différente. C’est un peu comme une recette secrète qui change à chaque fois. N’oublie pas de prévoir une bonne quantité de rires (ou de cris) à partager avec tes amis. Bon appétit, et que la chance soit avec toi… tu vas en avoir besoin ! Lethal Company
21%
🎤 LE GROUPE *** EN TOURNÉE ! 🎶 🚨 PRÉPAREZ-VOUS À VIBRER AVEC *** ! 🚨 ***, c’est le groupe qui va faire trembler vos oreilles et vos cœurs ! Vous avez aimé *** ? Vous allez adorer leur vraie musique ! 🎧🔥 🎸 QUI SONT *** ? Le groupe de rock qui vous fait ressentir tout ce qu’il y a de plus brut et de plus sincère. Avec ***, la guitariste timide mais talentueuse, ***, la bassiste cool et déjantée, ***, la batteuse énergique et ***, la chanteuse pleine de pep’s, *** font exploser les genres et redéfinissent la scène rock ! 💥 UN SON AU TOP ! Préparez-vous à vivre des concerts qui déchirent ! Des guitares électriques qui vous transportent, une batterie qui fait bouger vos pieds, et des voix qui vont vous faire vibrer à chaque refrain ! ***, c’est le mélange parfait de passion et de mélodies envoûtantes. 🔥 LEURS CONCERTS : Les concerts de ***, c’est bien plus qu’un simple show : c’est un véritable moment d’émotion, où chaque chanson vous plonge dans l’univers de ***, *** et des autres membres du groupe. Vous allez chanter à tue-tête, sauter dans tous les sens et vous retrouver, ne serait-ce qu’un instant, dans la peau des membres du groupe ! Quand ? Partout dans le pays, alors gardez un œil sur la tournée, car *** arrivent dans votre ville pour une série de concerts explosifs ! 💥 🎫 Réservez vite vos places – les billets partent aussi vite qu’une guitare qui déchire ! 🎟️ 💬 Fans : "*** en live, c’est une explosion d’énergie ! Vous allez adorer l'ambiance et les chansons !" "Les filles sont incroyables sur scène ! Ça bouge, ça chante, ça réchauffe le cœur !" "Un concert des ***, c’est comme une fête avec des amis, tout le monde chante, tout le monde danse !" 📲 Suivez-les sur Instagram, Twitter, et TikTok pour ne rien manquer des prochaines dates et découvrir des extraits live ! 🎤 ***, c’est le groupe qui va redéfinir votre année musicale ! Si vous aimez le rock, la bonne humeur, et des performances qui vous captivent du début à la fin, ne manquez pas leur tournée ! On vous attend en feu sur scène ! Bocchi the Rock
17%
Aucun quiz correspondant
Distribution des résultats
% des personnes avec chaque résultat
Percentile par nombre de réponses
Votre historique - résultats
Vous n’avez pas pris ce quiz